000 00518nam a2200229Ia 4500
003 OSt
005 20221005121332.0
006 a|||||r|||| 00| 0
007 ta
008 221004b |||||||| |||| 00| 0 mar d
024 _a40423
037 _cTextual
040 _aCRL
_cCRL
_bmar
041 _2mar
_amar
082 _aUk, 155K2
245 0 _aGyan parijat
260 _c1962
300 _a167p.
_ccm.
650 _aGEOGRAPHY
942 _hUk, 155K2
_cTEXL
_2cc
999 _c1040819
_d1040819